| 000 | 00850nam a2200229 a 4500 | ||
|---|---|---|---|
| 001 | 41611 | ||
| 003 | BD-RjUL | ||
| 005 | 20211209053424.0 | ||
| 008 | 160602s2006 bg ||||| |||| 00| 0 ben d | ||
| 020 | _c: Tk. 80.00 | ||
| 035 | _a(BD-RjUL) 41729 | ||
| 040 |
_aBD-RjUL _bben _cBD-RjUL |
||
| 041 | _aben | ||
| 082 |
_223 _a491.2 _bBIS 2006 |
||
| 100 | 1 |
_aবিশ্বাস, নিখিল রঞ্জন _9121991 |
|
| 245 | 1 | 0 |
_aসংস্কৃত ভাষা ও সাহিত্য পরিচয় / _cনিখিল রঞ্জন বিশ্বাস |
| 260 |
_aগোপালগঞ্জ : _bবিচিন্তা পুস্তকালয়, _c২০০৬ |
||
| 300 |
_a[৬], ১২৮ পৃ. _c২১ সেমি. |
||
| 650 |
_aসংস্কৃত _9127842 |
||
| 650 |
_aSanskrit _9127843 |
||
| 942 |
_2ddc _cBK |
||
| 999 |
_c41611 _d41611 |
||